000 00858nam a2200265Ia 4500
003 OSt
005 20221005104411.0
006 a|||||r|||| 00| 0
007 ta
008 221004b |||||||| |||| 00| 0 hin d
024 _a32438
037 _cTextual
040 _aCRL
_cCRL
_bhin
041 _2hin
_ahin
082 _aO152,1xN3, L9
100 _aअज्ञेय, संपा.
245 0 _aतीसरा सप्तक
246 _aTīsarā saptaka
250 _aचौथा संस्करण
260 _aदिल्ली
_bभारतीय ज्ञानपीठ प्रकाशन भारत
_c1979
300 _a240पृ.
_ccm.
650 _aहिन्दी साहित्य
942 _hO152,1xN3, L9
_cTEXL
_2cc
999 _c1012597
_d1012597